Spanish Verbs By Movie GIFs Quiz Stats

 Plays Quiz Updated Feb 28, 2019

Support Sporcle.
Go Orange.
Score 0/15 Timer 06:00
1 Play Today
Question Answer Wrong Answers
Saludar Saludar
90.3%
Sumar
3.2%
Sufrir
2.7%
Contar Contar
90%
Caminar
4.1%
Celebrar
2.3%
Comer Comer
85%
Cocinar
7.8%
Callarse
3.7%
Bailar Bailar
84.8%
Buscar
7.9%
Brindar
3.6%
Leer Leer
81.6%
Ladrar
7.1%
Luchar
7.4%
Correr Correr
81%
Cantar
13%
Colorear
2.3%
Limpiar Limpiar
78.4%
Lanzar
12.9%
Liberar
5.1%
Nadar Nadar
77.7%
Necesitar
2.4%
Nacer
16.2%
Saltar Saltar
75.5%
Sentir
12.1%
Soñar
8.8%
Dibujar Dibujar
68.6%
Decir
15.2%
Desayunar
12.5%
Gritar Gritar
67.7%
Gobernar
8.6%
Gozar
20.2%
Llorar Llorar
64.8%
Llevar
20.2%
Llenar
11.1%
Bostezar Bostezar
64.4%
Beber
7.2%
Besar
24.7%
Mojarse Mojarse
61.8%
Morir
16.3%
Masticar
18.1%
Golpear Golpear
61.6%
Guiar
19.7%
Gustar
15%

You're not logged in!

Compare scores with friends on all Sporcle quizzes.
OR
Log In

From the Vault

Shakespeare in Spanish

by whssox

Luckily, the word "no" will carry over in both dubs.
Remove Ads.
Support Sporcle.
Get the best of Sporcle when you Go Orange. This ad-free experience offers more features, more stats, and more fun while also helping to support Sporcle. Thank you for becoming a member.

Show Comments

Extras

Top Quizzes Today


Score Distribution

Your Account Isn't Verified!

In order to create a playlist on Sporcle, you need to verify the email address you used during registration. Go to your Sporcle Settings to finish the process.

Report this User

Report this user for behavior that violates our Community Guidelines.

Details: